| 000 | 01222na a2200325 4500 | ||
|---|---|---|---|
| 001 | 19604 | ||
| 003 | MIRAKIL | ||
| 005 | 20181213155153.0 | ||
| 008 | 161220b tu 000 0 | ||
| 020 | _a9751923581 | ||
| 022 | _a13001027 | ||
| 035 | _a19604 | ||
| 040 |
_aMilas _btur _cTR-AnCHP |
||
| 041 |
_atur _aeng |
||
| 082 |
_a370.21 1996-1997 _bT95m 2001 |
||
| 090 | _a370.21 1996-1997 T95m 2001 | ||
| 110 | _aTürkiye İstatistik Kurumu (TÜİK) | ||
| 245 |
_aMilli Eğitim istatistikleri 1996-1997 _bYaygın eğitim = National education statistics : adult education _cDevlet İstatistik Enstitüsü (DİE) |
||
| 246 | _aEdult education | ||
| 246 | _aNational education statistics 1996-1997 | ||
| 246 | _aYaygın eğitim | ||
| 260 |
_aAnkara _bDevlet İstatistik Enstitüsü (DİE) _c2001 |
||
| 300 |
_axi, 159 s. _btbl. _c30 sm. |
||
| 490 |
_aDevlet İstatistik Enstitüsü _v2305 |
||
| 500 | _aKurumun yeni adı: Türkiye İstatistik Kurumu (TÜİK) | ||
| 546 | _aMetinler Türkçe-İngilizce karşılıklıdır. | ||
| 650 |
_aYaygın eğitim _vSüreli yayınlar _xİstatistikler _y1996-1997 _zTürkiye |
||
| 650 |
_aEğitim _v1996-1997 _xİstatistikler _yTürkiye _zSüreli yayınlar |
||
| 942 |
_2ddc _cBKS |
||
| 999 |
_c7904 _d7904 |
||